000 00469nam a2200193Ia 4500
008 240510s9999 xx 000 0 und d
041 _aEng
082 _a519.2:159.9
082 _bE28
100 _aEDWARDS, Allen L
245 0 _aExperimental design in psychological research
250 _a3rd ed.
260 _bNew Delhi , Amerinel
260 _c1968
300 _a455 p.
650 _aStatistics : pshychological research
942 _2ddc
942 _cLBK
999 _c23458
_d23458
945 _a1
_bMadushi Gamage
_c1
_dMadushi Gamage